000 00322nam a2200133Ia 4500
008 200103s9999||||xx |||||||||||||| ||und||
040 _aIMU-MPC
082 _aColumn-30
100 _aRichmond, A. J.
245 0 _aProblems in Heat Engines
260 _bEdward Arnold & Co., London
_c1957
300 _axi, 272
942 _cBK
999 _c7344
_d7344